01303nam a22001217a 4500008004100000100004000041245007800081260004800159300002900207520077800236650011901014773004801133260422b ||||| |||| 00| 0 eng d aSingh, Anushka and Meher, Surendra  aTheoretical and conceptual evolution of unpaid work: review and comments  aMadhya Pradesh Journal of Social Sciences  a29(2), Dec, 2024: p.1-15 aThis study traces the evolution of the concept of ‘unpaid work’ and its theoretical evolution from the perspective of gender. Several dominant theoretical framework son feminist concerns have been discussed in an attempt to explain the reason for existence of the ‘unpaid work’. The need for such theoretical analysis arises from both sociological and economic perspectives that bear consequences on women’s lives and experiences. Building on these conceptual and theoretical underpinnings, this study will helps in building a strong literature base for further research and policy guidelines helping in the recognition, redistribution and reduction of women’s unpaid work.-Reproduced https://mpissr.org/wp-content/uploads/2025/05/MPJSS-292-December-2024.pdf aClassification of ‘work’, Categorisation of unpaid work, Theoretical evolutions, Gender issues and unpaid work aMadhya Pradesh Journal of Social Sciences